| 000 | 00909nam a22002417i 4500 | ||
|---|---|---|---|
| 999 |
_c23121 _d23121 |
||
| 003 | AR-CdUCM | ||
| 008 | 241111b20202020 pe||||| |||| 00| 0 spa d | ||
| 020 | _a978-612-47510-8-0 | ||
| 040 |
_aMUNICIPALIDAD PROVINCIAL DEL CUSCO _cBIBLIOTECA MUNICIPAL DEL CUSCO |
||
| 041 | _hspa | ||
| 082 |
_a869.5607 / P21 _bP21 |
||
| 100 |
_aPalomino Gonzales, Niel _94533 |
||
| 245 |
_aEl fuego del placer textual : _bGlosas sobre las literaturas peruanas / |
||
| 260 |
_aCusco : _bRoyer Capcha Quejias Editorial E.I.R.L. _c2020 |
||
| 300 |
_a267 páginas. : _c21.5 cm |
||
| 505 | _aLiteraturas de Apurímac -- Literaturas de Cusco -- Imagen de la mujer andina en la poesía -- Pan de los elegidos -- Literaturas de otras provincias | ||
| 650 |
_aPoesía _950799 |
||
| 650 |
_aLiteratura _950800 |
||
| 650 |
_aLenguaje _950801 |
||
| 650 |
_aNovela _950802 |
||
| 942 |
_2ddc _cLIBROS |
||
| 945 |
_apbj _d11-11-2024 |
||